| 000 | 00569nam a22001575i 4500 | ||
|---|---|---|---|
| 001 | 161974 | ||
| 003 | ES-MaACL | ||
| 005 | 20251005063127.0 | ||
| 008 | 041025s1865 fr |||| | fre d | ||
| 100 | 1 |
_aPersigny, Jean Gilbert Victor Fialin, _cDuc de _9131056 |
|
| 245 | 1 | 0 |
_aLettre de Rome / _cpar le Duc de Persigny. |
| 260 |
_aParis : _bE. Dentu, _c1865 ( _fImp. de Ad. Lainé et J. Havard) |
||
| 300 |
_a32 p. ; _c23 cm. |
||
| 852 | 4 |
_aES-MaACL _jT-77-F-3 _z- Enc. hol., falto de cub. original _z- Enc. en un vol. facticio |
|
| 999 |
_c161974 _d161974 |
||